000 00725nam a2200265 a 4500
999 _c7451
_d7451
001 7451
003 BD - JhCC
005 20180210124238.0
008 950220s1994 enkak 001 0 eng d
020 _a0752102273
035 _a(BD - JhCC)7451
040 _aAB/N-1
_dBD-JhCC
041 _aeng
082 _a618.24
_220
_bAUS 1994
100 _aAustin, Cedric
245 0 0 _aYour diary /
_c Cedri Austin
260 _aLondon :
_bHealth Education Authority,
_cc1994
300 _a94 p :
_bcol. ill., forms ;
_c25 cm
500 _a"Edited by Jill Cropper" - t.p. verso
650 0 _aPregnancy
700 1 _aCropper, Jill.
710 2 _aHealth Education Authority (Great Britain)
942 _2ddc
_cBK